[Event "New West Summer op"]
[Site "New Westminster"]
[Date "2019.08.05"]
[Round "6.7"]
[White "Trochtchanovitch, Pavel"]
[Black "Zheng, Victor"]
[Result "1/2-1/2"]
[WhiteElo "1924"]
[BlackElo "1976"]
[PlyCount "77"]
[EventDate "2019.08.03"]
[EventType "swiss"]
[EventRounds "6"]
[EventCountry "CAN"]

1. e4 c5 2. d4 cxd4 3. Nf3 d5 4. exd5 Qxd5 5. Qxd4 Qxd4 6. Nxd4 e6 7. Bf4 a6 8.
Nd2 Nf6 9. Nc4 Bc5 10. Nb3 Ba7 11. Nd6+ Ke7 12. c4 Nbd7 13. Be2 Nc5 14. Nxc8+
Raxc8 15. Nxc5 Bxc5 16. O-O Rhd8 17. Rab1 h6 18. Bf3 Rd7 19. Rfd1 Bd4 20. b3 b5
21. cxb5 axb5 22. Rbc1 Rxc1 23. Rxc1 Nd5 24. Bxd5 Rxd5 25. Kf1 e5 26. Bg3 f5
27. f3 Rd7 28. Rc2 g5 29. Bf2 Bxf2 30. Kxf2 Ra7 31. g3 Kd6 32. Ke3 Ra6 33. g4
Ke6 34. gxf5+ Kxf5 35. h4 gxh4 36. Rh2 h3 37. Rxh3 Rxa2 38. Rh5+ Ke6 39. Rxh6+
1/2-1/2

[Event "New West Summer op"]
[Site "New Westminster"]
[Date "2019.08.05"]
[Round "6.8"]
[White "Wu, Charles"]
[Black "Ferguson, Peter"]
[Result "0-1"]
[WhiteElo "1800"]
[BlackElo "2004"]
[PlyCount "52"]
[EventDate "2019.08.03"]
[EventType "swiss"]
[EventRounds "6"]
[EventCountry "CAN"]

1. d4 f5 2. Bf4 d6 3. e3 g6 4. h4 h6 5. Qf3 Nf6 6. Qg3 Kf7 7. Bc4+ e6 8. Be2
Ne4 9. Qh2 c5 10. f3 Qb6 11. fxe4 Qxb2 12. Nd2 Qxa1+ 13. Kf2 cxd4 14. exf5
dxe3+ 15. Kxe3 e5 16. fxg6+ Kg7 17. Ngf3 exf4+ 18. Qxf4 Qf6 19. h5 d5 20. Qc7+
Qe7+ 21. Qxe7+ Bxe7 22. Kd4 Nc6+ 23. Kxd5 Bf5 24. Rb1 Rhd8+ 25. Kc4 Be6+ 26.
Kb5 Rd5+ 0-1

[Event "New West Summer op"]
[Site "New Westminster"]
[Date "2019.08.05"]
[Round "6.9"]
[White "Linnick, Mark"]
[Black "Gu, Chuyang"]
[Result "1-0"]
[WhiteElo "1876"]
[BlackElo "1879"]
[PlyCount "75"]
[EventDate "2019.08.03"]
[EventType "swiss"]
[EventRounds "6"]
[EventCountry "CAN"]

1. d4 Nf6 2. Bf4 d5 3. e3 e6 4. Nf3 c5 5. c3 Nc6 6. Bd3 Bd6 7. Bg3 O-O 8. Nbd2
b6 9. Ne5 Bb7 10. f4 Nd7 11. h4 f6 12. Qh5 f5 13. Qe2 Nf6 14. h5 h6 15. Ng6 Re8
16. Nf3 c4 17. Bc2 b5 18. a3 a5 19. Bh4 Qb6 20. Bxf6 gxf6 21. Nfh4 Kf7 22. Bxf5
exf5 23. Nxf5 Re6 24. Qg4 Bf8 25. Nh8+ Ke8 26. Ng7+ Bxg7 27. Qxe6+ Kd8 28. Qg8+
Kc7 29. Qxg7+ Kb8 30. Qxf6 Ka7 31. Qxh6 Qd8 32. Nf7 Qe7 33. Ne5 Nxe5 34. fxe5
Rg8 35. Qf6 Qh7 36. Qf2 Qe4 37. Rh2 Rg5 38. Qf4 1-0

[Event "New West Summer op"]
[Site "New Westminster"]
[Date "2019.08.05"]
[Round "6.10"]
[White "Gibbard, Alina Iuliana"]
[Black "Co, Gilbert Roland"]
[Result "0-1"]
[WhiteElo "2077"]
[BlackElo "2065"]
[PlyCount "70"]
[EventDate "2019.08.03"]
[EventType "swiss"]
[EventRounds "6"]
[EventCountry "CAN"]

1. c4 c5 2. Nc3 Nc6 3. Nf3 Nf6 4. e4 d6 5. Be2 g6 6. d3 Bg7 7. Bg5 O-O 8. Qd2
a6 9. h4 h5 10. O-O Bd7 11. Ne1 Nd4 12. Nc2 Re8 13. Nxd4 cxd4 14. Nd5 Nxd5 15.
exd5 Bf5 16. Bf3 Qd7 17. Rfe1 Rac8 18. Re2 e5 19. dxe6 fxe6 20. Rae1 Kh7 21.
Qb4 Bxd3 22. Rd2 Bxc4 23. Bxb7 Rc7 24. Be4 d5 25. Bb1 e5 26. b3 Bb5 27. a4 Bc6
28. Rde2 e4 29. f3 d3 30. Bxd3 Rb7 31. Qd2 Rxb3 32. Bxa6 Qa7+ 33. Kh1 Qxa6 34.
fxe4 dxe4 35. Qc2 Rc3 0-1

[Event "Nova Scotia Closed "]
[Site "Halifax CAN"]
[Date "2019.07.05"]
[Round "1.1"]
[White "Langen, Roger"]
[Black "Gonzalez-Cueto, Jose"]
[Result "1-0"]
[WhiteElo "2125"]
[BlackElo "2085"]
[PlyCount "57"]
[EventDate "2019.07.05"]
[EventType "tourn"]
[EventRounds "5"]
[EventCountry "CAN"]
[TimeControl "30/90+45:0"]

1. e4 {[%emt 0:00:02]} e5 {[%emt 0:00:17]} 2. Bc4 {[%emt 0:00:17]} Nf6 {
[%emt 0:00:33]} 3. d3 {[%emt 0:00:09]} d5 {[%emt 0:00:33]} 4. exd5 {
[%emt 0:00:18]} Nxd5 {[%emt 0:01:00]} 5. Nf3 {[%emt 0:00:18]} Nc6 {
[%emt 0:01:21]} 6. O-O {[%emt 0:00:13]} Bc5 {[%emt 0:01:11]} 7. Re1 {
[%emt 0:02:21]} O-O {[%emt 0:01:00]} 8. Nbd2 {[%emt 0:10:32]} Bg4 {
[%emt 0:04:11]} 9. h3 {[%emt 0:03:09]} Bh5 {[%emt 0:20:46]} 10. c3 {
[%emt 0:00:00]} a6 {[%emt 0:08:43]} 11. Ne4 {[%emt 0:00:00]} Ba7 {
[%emt 0:02:15]} 12. Bg5 {[%emt 0:10:27]} f6 {[%emt 0:14:52]} 13. Bh4 {
[%emt 0:01:40]} Kh8 {[%emt 0:12:31]} 14. g4 {[%emt 0:05:13]} Bg6 {
[%emt 0:00:00]} 15. Bg3 {[%emt 0:17:33]} Qd7 {[%emt 0:00:00]} 16. Nh4 {
[%emt 0:01:57]} Bf7 {[%emt 0:09:50]} 17. Kh2 {[%emt 0:05:36]} Rad8 {
[%emt 0:04:05]} 18. Qe2 {[%emt 0:01:52]} Na5 {[%emt 0:02:56]} 19. Rad1 {
[%emt 0:01:27]} Qc6 {[%emt 0:05:00]} 20. Bxd5 {[%emt 0:04:55]} Qxd5 {
[%emt 0:00:40]} 21. Nf5 {[%emt 0:02:27]} Rfe8 {[%emt 0:03:50]} 22. Bh4 {
[%emt 0:01:59]} Qe6 {[%emt 0:01:45]} 23. Nxg7 {[%emt 0:02:41]} Kxg7 {
[%emt 0:02:44]} 24. Bxf6+ {[%emt 0:00:17]} Kg8 {[%emt 0:00:00]} 25. Qd2 {
[%emt 0:01:13]} Bg6 {[%emt 0:00:55]} 26. Qg5 {[%emt 0:00:55]} Rd7 {
[%emt 0:01:30]} 27. h4 {[%emt 0:01:09]} Rf7 {[%emt 0:01:16]} 28. h5 {
[%emt 0:00:45]} Rxf6 {[%emt 0:05:07]} 29. Nxf6+ {[%emt 0:00:58]} 1-0

[Event "Nova Scotia Closed "]
[Site "Halifax CAN"]
[Date "2019.07.05"]
[Round "1.2"]
[White "Mayo, Alvah"]
[Black "Younis, Tallal"]
[Result "1-0"]
[WhiteElo "2163"]
[BlackElo "2154"]
[PlyCount "61"]
[EventDate "2019.07.05"]
[EventType "tourn"]
[EventRounds "5"]
[EventCountry "CAN"]
[TimeControl "30/90+45:0"]

1. e4 {[%emt 0:02:05]} d6 {[%emt 0:01:13]} 2. d4 {[%emt 0:00:48]} Nf6 {
[%emt 0:00:00]} 3. Nc3 {[%emt 0:03:13]} g6 {[%emt 0:00:16]} 4. Be3 {
[%emt 0:01:46]} a6 {[%emt 0:00:26]} 5. f3 {[%emt 0:01:03]} b5 {[%emt 0:02:36]}
6. Qd2 {[%emt 0:00:00]} Nbd7 {[%emt 0:00:15]} 7. Nge2 {[%emt 0:01:35]} Nb6 {
[%emt 0:00:52]} 8. Nc1 {[%emt 0:02:18]} Nc4 {[%emt 0:13:03]} 9. Bxc4 {
[%emt 0:00:04]} bxc4 {[%emt 0:00:00]} 10. Qe2 {[%emt 0:17:49]} d5 {
[%emt 0:00:00]} 11. O-O {[%emt 0:05:11]} c6 {[%emt 0:04:39]} 12. e5 {
[%emt 0:06:58]} Nd7 {[%emt 0:00:25]} 13. b3 {[%emt 0:09:59]} Nb6 {
[%emt 0:00:35]} 14. Qd2 {[%emt 0:12:52]} h5 {[%emt 0:00:13]} 15. N1e2 {
[%emt 0:00:24]} h4 {[%emt 0:00:11]} 16. f4 {[%emt 0:01:39]} Bf5 {[%emt 0:00:00]
} 17. Nd1 {[%emt 0:00:03]} a5 {[%emt 0:04:03]} 18. Nf2 {[%emt 0:01:59]} Qc8 {
[%emt 0:01:38]} 19. Kh1 {[%emt 0:01:28]} h3 {[%emt 0:03:57]} 20. Rg1 {
[%emt 0:08:16]} hxg2+ {[%emt 0:00:41]} 21. Rxg2 {[%emt 0:00:03]} e6 {
[%emt 0:00:00]} 22. Ng3 {[%emt 0:00:00]} Bh3 {[%emt 0:00:00]} 23. Nxh3 {
[%emt 0:00:00]} Rxh3 {[%emt 0:00:00]} 24. Ne2 {[%emt 0:01:17]} Be7 {
[%emt 0:00:50]} 25. Rag1 {[%emt 0:01:08]} Kd7 {[%emt 0:00:35]} 26. f5 {
[%emt 0:01:55]} gxf5 {[%emt 0:01:00]} 27. Rg7 {[%emt 0:00:27]} Rxh2+ {
[%emt 0:02:22]} 28. Kxh2 {[%emt 0:00:26]} Qh8+ {[%emt 0:00:02]} 29. Bh6 {
[%emt 0:00:40]} Bf8 {[%emt 0:00:32]} 30. Rxf7+ {[%emt 0:01:24]} Ke8 {
[%emt 0:00:01]} 31. Rxf8+ {[%emt 0:00:22]} 1-0

[Event "Nova Scotia Closed "]
[Site "Halifax CAN"]
[Date "2019.07.05"]
[Round "1.3"]
[White "Charlton, Glenn"]
[Black "Felix, Chris"]
[Result "1-0"]
[WhiteElo "2052"]
[BlackElo "2031"]
[PlyCount "49"]
[EventDate "2019.07.05"]
[EventType "tourn"]
[EventRounds "5"]
[EventCountry "CAN"]
[TimeControl "30/90+45:0"]

1. d4 {[%emt 0:00:02]} Nf6 {[%emt 0:00:20]} 2. Bf4 {[%emt 0:00:11]} e6 {
[%emt 0:02:37]} 3. e3 {[%emt 0:00:12]} c5 {[%emt 0:00:32]} 4. Nd2 {
[%emt 0:01:20]} Nc6 {[%emt 0:01:08]} 5. Ngf3 {[%emt 0:01:19]} b6 {
[%emt 0:01:17]} 6. c3 {[%emt 0:02:19]} Bb7 {[%emt 0:01:10]} 7. Bd3 {
[%emt 0:00:56]} Be7 {[%emt 0:00:35]} 8. h3 {[%emt 0:00:10]} O-O {[%emt 0:03:05]
} 9. O-O {[%emt 0:01:09]} Rc8 {[%emt 0:00:00]} 10. a4 {[%emt 0:04:03]} d6 {
[%emt 0:05:24]} 11. Bh2 {[%emt 0:04:36]} Re8 {[%emt 0:15:12]} 12. Qe2 {
[%emt 0:00:00]} Bf8 {[%emt 0:08:36]} 13. Rad1 {[%emt 0:18:48]} cxd4 {
[%emt 0:13:17]} 14. exd4 {[%emt 0:00:00]} e5 {[%emt 0:00:00]} 15. dxe5 {
[%emt 0:01:35]} dxe5 {[%emt 0:01:01]} 16. Bf5 {[%emt 0:09:51]} Rc7 {
[%emt 0:07:11]} 17. Ne4 {[%emt 0:05:38]} Nd7 {[%emt 0:14:26]} 18. Nfg5 {
[%emt 0:00:06]} g6 {[%emt 0:08:06]} 19. Bxd7 {[%emt 0:00:33]} Nd4 {
[%emt 0:06:00]} 20. cxd4 {[%emt 0:03:50]} Rxd7 {[%emt 0:00:27]} 21. dxe5 {
[%emt 0:03:01]} Ba6 {[%emt 0:02:36]} 22. Qf3 {[%emt 0:07:39]} Bg7 {
[%emt 0:04:55]} 23. Rxd7 {[%emt 0:00:48]} Qxd7 {[%emt 0:00:13]} 24. Rd1 {
[%emt 0:00:20]} Qe7 {[%emt 0:00:00]} 25. Nd6 {[%emt 0:07:26]} 1-0

[Event "Nova Scotia Closed "]
[Site "Halifax CAN"]
[Date "2019.07.06"]
[Round "2.1"]
[White "Gonzalez-Cueto, Jose"]
[Black "Mayo, Alvah"]
[Result "0-1"]
[WhiteElo "2085"]
[BlackElo "2163"]
[PlyCount "34"]
[EventDate "2019.07.05"]
[EventType "tourn"]
[EventRounds "5"]
[EventCountry "CAN"]
[TimeControl "30/90+45:0"]

1. d4 {[%emt 0:00:04]} c5 {[%emt 0:01:12]} 2. e4 {[%emt 0:01:19]} cxd4 {
[%emt 0:01:49]} 3. Qxd4 {[%emt 0:00:39]} Nc6 {[%emt 0:00:07]} 4. Qa4 {
[%emt 0:01:44]} g6 {[%emt 0:00:32]} 5. Nf3 {[%emt 0:02:04]} Bg7 {[%emt 0:07:59]
} 6. Be2 {[%emt 0:12:49]} d6 {[%emt 0:00:31]} 7. O-O {[%emt 0:05:24]} Bd7 {
[%emt 0:00:17]} 8. Qb3 {[%emt 0:00:57]} Nf6 {[%emt 0:03:23]} 9. Nc3 {
[%emt 0:04:53]} Rb8 {[%emt 0:00:00]} 10. Re1 {[%emt 0:00:00]} O-O {
[%emt 0:00:00]} 11. a4 {[%emt 0:00:00]} Be6 {[%emt 0:11:02]} 12. Qb5 {
[%emt 0:01:34]} a6 {[%emt 0:02:10]} 13. Qg5 {[%emt 0:01:25]} h6 {[%emt 0:02:24]
} 14. Qg3 {[%emt 0:11:50]} Qa5 {[%emt 0:02:00]} 15. Nh4 {[%emt 0:15:29]} Nxe4 {
[%emt 0:27:48]} 16. Nxe4 {[%emt 0:00:00]} Qxe1+ {[%emt 0:00:00]} 17. Bf1 {
[%emt 0:00:00]} Qxe4 {[%emt 0:00:00]} 0-1

[Event "Nova Scotia Closed "]
[Site "Halifax CAN"]
[Date "2019.07.06"]
[Round "2.2"]
[White "Charlton, Glenn"]
[Black "Langen, Roger"]
[Result "1/2-1/2"]
[WhiteElo "2052"]
[BlackElo "2125"]
[PlyCount "79"]
[EventDate "2019.07.05"]
[EventType "tourn"]
[EventRounds "5"]
[EventCountry "CAN"]
[TimeControl "30/90+45:0"]

1. d4 {[%emt 0:00:03]} Nf6 {[%emt 0:00:11]} 2. Bf4 {[%emt 0:00:14]} Nh5 {
[%emt 0:00:24]} 3. Bd2 {[%emt 0:01:47]} Nf6 {[%emt 0:00:40]} 4. Nf3 {
[%emt 0:02:11]} d5 {[%emt 0:01:17]} 5. Bf4 {[%emt 0:01:31]} c5 {[%emt 0:00:14]}
6. e3 {[%emt 0:00:00]} Nc6 {[%emt 0:00:25]} 7. Nbd2 {[%emt 0:00:15]} e6 {
[%emt 0:03:11]} 8. c3 {[%emt 0:02:21]} Bd6 {[%emt 0:03:57]} 9. Bg3 {
[%emt 0:01:05]} O-O {[%emt 0:01:00]} 10. Bd3 {[%emt 0:00:21]} b6 {
[%emt 0:01:22]} 11. Qe2 {[%emt 0:04:07]} Bb7 {[%emt 0:04:39]} 12. Rd1 {
[%emt 0:00:21]} Rc8 {[%emt 0:10:46]} 13. e4 {[%emt 0:00:00]} Be7 {
[%emt 0:00:00]} 14. e5 {[%emt 0:00:00]} Nh5 {[%emt 0:00:00]} 15. a3 {
[%emt 0:00:00]} g6 {[%emt 0:00:00]} 16. Nf1 {[%emt 0:04:18]} c4 {[%emt 0:00:00]
} 17. Bc2 {[%emt 0:01:51]} b5 {[%emt 0:00:22]} 18. Ne3 {[%emt 0:02:15]} a5 {
[%emt 0:02:07]} 19. Ng4 {[%emt 0:02:07]} b4 {[%emt 0:02:37]} 20. Qe3 {
[%emt 0:13:43]} Kh8 {[%emt 0:17:11]} 21. a4 {[%emt 0:23:19]} b3 {[%emt 0:00:00]
} 22. Bb1 {[%emt 0:00:00]} Nb8 {[%emt 0:00:00]} 23. Bf4 {[%emt 0:01:43]} Nd7 {
[%emt 0:05:07]} 24. Bh6 {[%emt 0:12:55]} Rg8 {[%emt 0:07:54]} 25. Bg5 {
[%emt 0:00:00]} f5 {[%emt 0:38:11]} 26. exf6 {[%emt 0:02:29]} Nhxf6 {
[%emt 0:02:41]} 27. Nh6 {[%emt 0:02:14]} Rf8 {[%emt 0:02:43]} 28. Qxe6 {
[%emt 0:01:45]} Qe8 {[%emt 0:00:50]} 29. O-O {[%emt 0:02:57]} Rc6 {
[%emt 0:03:46]} 30. Qe3 {[%emt 0:00:00]} Bd8 {[%emt 0:02:20]} 31. Rfe1 {
[%emt 0:06:07]} Qxe3 {[%emt 0:02:14]} 32. Rxe3 {[%emt 0:00:25]} Kg7 {
[%emt 0:04:57]} 33. Rde1 {[%emt 0:10:05]} Bc8 {[%emt 0:06:17]} 34. h3 {
[%emt 0:14:52]} Nb6 {[%emt 0:05:50]} 35. Re7+ {[%emt 0:00:00]} Bxe7 {
[%emt 0:00:39]} 36. Rxe7+ {[%emt 0:00:14]} Kh8 {[%emt 0:00:06]} 37. Nf7+ {
[%emt 0:02:18]} Kg8 {[%emt 0:08:06]} 38. Nh6+ {[%emt 0:00:23]} Kh8 {
[%emt 0:00:09]} 39. Nf7+ {[%emt 0:00:09]} Kg8 {[%emt 0:01:25]} 40. Nh6+ {
[%emt 0:00:16]} 1/2-1/2

[Event "Nova Scotia Closed "]
[Site "Halifax CAN"]
[Date "2019.07.06"]
[Round "2.3"]
[White "Felix, Chris"]
[Black "Younis, Tallal"]
[Result "1/2-1/2"]
[WhiteElo "2031"]
[BlackElo "2154"]
[PlyCount "66"]
[EventDate "2019.07.05"]
[EventType "tourn"]
[EventRounds "5"]
[EventCountry "CAN"]
[TimeControl "30/90+45:0"]

1. e4 {[%emt 0:00:03]} d6 {[%emt 0:01:01]} 2. d4 {[%emt 0:00:08]} Nf6 {
[%emt 0:00:00]} 3. Nc3 {[%emt 0:00:09]} g6 {[%emt 0:00:07]} 4. f4 {
[%emt 0:00:12]} Bg7 {[%emt 0:00:11]} 5. Nf3 {[%emt 0:00:53]} c5 {[%emt 0:00:00]
} 6. Bb5+ {[%emt 0:00:00]} Bd7 {[%emt 0:00:09]} 7. e5 {[%emt 0:00:41]} Ng4 {
[%emt 0:02:02]} 8. e6 {[%emt 0:00:47]} fxe6 {[%emt 0:02:14]} 9. Ng5 {
[%emt 0:01:07]} Bxb5 {[%emt 0:00:00]} 10. Nxe6 {[%emt 0:01:02]} Bxd4 {
[%emt 0:01:50]} 11. Nxb5 {[%emt 0:01:00]} Qa5+ {[%emt 0:01:13]} 12. Qd2 {
[%emt 0:00:10]} Bf2+ {[%emt 0:00:28]} 13. Kd1 {[%emt 0:00:10]} Ne3+ {
[%emt 0:00:39]} 14. Ke2 {[%emt 0:00:05]} Qxb5+ {[%emt 0:00:25]} 15. Kxf2 {
[%emt 0:00:08]} Ng4+ {[%emt 0:00:24]} 16. Kg3 {[%emt 0:00:09]} Kd7 {
[%emt 0:06:15]} 17. Kxg4 {[%emt 0:13:04]} Kxe6 {[%emt 0:00:30]} 18. Re1+ {
[%emt 0:04:51]} Kd7 {[%emt 0:00:49]} 19. Qd5 {[%emt 0:13:46]} Nc6 {
[%emt 0:00:49]} 20. a4 {[%emt 0:02:36]} Qa5 {[%emt 0:03:53]} 21. Bd2 {
[%emt 0:00:00]} Qd8 {[%emt 0:02:16]} 22. b4 {[%emt 0:15:43]} cxb4 {
[%emt 0:11:51]} 23. Bxb4 {[%emt 0:01:09]} Qf8 {[%emt 0:01:26]} 24. Bc3 {
[%emt 0:04:51]} Rg8 {[%emt 0:07:47]} 25. Kf3 {[%emt 0:23:20]} Rc8 {
[%emt 0:18:00]} 26. Rab1 {[%emt 0:02:00]} Rb8 {[%emt 0:06:43]} 27. g3 {
[%emt 0:03:47]} Qf5 {[%emt 0:00:43]} 28. Rxb7+ {[%emt 0:34:44]} Rxb7 {
[%emt 0:00:19]} 29. Qxg8 {[%emt 0:00:20]} Qxc2 {[%emt 0:00:50]} 30. Qe6+ {
[%emt 0:00:45]} Kd8 {[%emt 0:03:24]} 31. Qg8+ {[%emt 0:02:23]} Kd7 {
[%emt 0:04:42]} 32. Qe6+ {[%emt 0:05:44]} Kd8 {[%emt 0:18:11]} 33. Qc4 {
[%emt 0:00:14]} Kd7 {[%emt 0:03:11]} 1/2-1/2

[Event "Nova Scotia Closed "]
[Site "Halifax CAN"]
[Date "2019.07.06"]
[Round "3.1"]
[White "Younis, Tallal"]
[Black "Gonzalez-Cueto, Jose"]
[Result "1-0"]
[WhiteElo "2154"]
[BlackElo "2085"]
[PlyCount "81"]
[EventDate "2019.07.05"]
[EventType "tourn"]
[EventRounds "5"]
[EventCountry "CAN"]
[TimeControl "30/90+45:0"]

1. e4 {[%emt 0:00:08]} e5 {[%emt 0:00:11]} 2. Bc4 {[%emt 0:00:30]} Nf6 {
[%emt 0:00:26]} 3. d3 {[%emt 0:00:08]} d5 {[%emt 0:00:09]} 4. exd5 {
[%emt 0:00:09]} Nxd5 {[%emt 0:00:41]} 5. Nf3 {[%emt 0:00:12]} Nc6 {
[%emt 0:00:28]} 6. h3 {[%emt 0:01:46]} Bc5 {[%emt 0:01:38]} 7. O-O {
[%emt 0:00:12]} O-O {[%emt 0:01:00]} 8. Re1 {[%emt 0:01:51]} Kh8 {
[%emt 0:11:07]} 9. Nxe5 {[%emt 0:50:04]} Be6 {[%emt 1:31:31]} 10. Nxc6 {
[%emt 0:00:00]} bxc6 {[%emt 0:00:00]} 11. Bb3 {[%emt 0:00:00]} Qf6 {
[%emt 0:00:00]} 12. Rf1 {[%emt 0:00:00]} Qg6 {[%emt 0:00:00]} 13. Qf3 {
[%emt 0:00:00]} f5 {[%emt 0:00:00]} 14. Nc3 {[%emt 0:00:00]} Rad8 {
[%emt 0:00:00]} 15. Nxd5 {[%emt 0:00:00]} cxd5 {[%emt 0:00:00]} 16. Bf4 {
[%emt 0:00:00]} c6 {[%emt 0:00:00]} 17. Rfe1 {[%emt 0:00:00]} Rde8 {
[%emt 0:00:00]} 18. Re2 {[%emt 0:00:00]} Bd7 {[%emt 0:00:00]} 19. Rae1 {
[%emt 0:00:00]} Rxe2 {[%emt 0:00:00]} 20. Rxe2 {[%emt 0:00:00]} h6 {
[%emt 0:00:00]} 21. c3 {[%emt 0:00:00]} Re8 {[%emt 0:00:00]} 22. d4 {
[%emt 0:00:00]} Be7 {[%emt 0:00:00]} 23. Bc2 {[%emt 0:00:00]} Bf6 {
[%emt 0:00:00]} 24. Bd3 {[%emt 0:00:00]} Qf7 {[%emt 0:00:00]} 25. Bd6 {
[%emt 0:00:00]} g6 {[%emt 0:00:19]} 26. Bc5 {[%emt 0:00:00]} a5 {[%emt 0:01:29]
} 27. Bb6 {[%emt 0:00:00]} Ra8 {[%emt 0:02:28]} 28. Bc7 {[%emt 0:04:26]} Kh7 {
[%emt 0:04:37]} 29. g3 {[%emt 0:01:46]} Kg7 {[%emt 0:00:00]} 30. h4 {
[%emt 0:00:25]} h5 {[%emt 0:01:39]} 31. Qf4 {[%emt 0:00:27]} a4 {[%emt 0:00:35]
} 32. a3 {[%emt 0:00:10]} Re8 {[%emt 0:00:27]} 33. Be5 {[%emt 0:00:00]} Bxe5 {
[%emt 0:02:40]} 34. Rxe5 {[%emt 0:00:18]} Re6 {[%emt 0:03:11]} 35. Bc2 {
[%emt 0:11:45]} c5 {[%emt 0:31:32]} 36. dxc5 {[%emt 0:00:00]} Qe8 {
[%emt 0:00:00]} 37. Rxe6 {[%emt 0:00:00]} Qxe6 {[%emt 0:00:00]} 38. Bxa4 {
[%emt 0:00:00]} Bxa4 {[%emt 0:00:00]} 39. Qxa4 {[%emt 0:00:00]} Kh6 {
[%emt 0:00:00]} 40. c6 {[%emt 0:00:30]} Qe7 {[%emt 0:00:35]} 41. Qf4+ {
[%emt 0:02:20]} 1-0

[Event "Nova Scotia Closed "]
[Site "Halifax CAN"]
[Date "2019.07.06"]
[Round "3.2"]
[White "Langen, Roger"]
[Black "Felix, Chris"]
[Result "1-0"]
[WhiteElo "2125"]
[BlackElo "2031"]
[PlyCount "79"]
[EventDate "2019.07.05"]
[EventType "tourn"]
[EventRounds "5"]
[EventCountry "CAN"]
[TimeControl "30/90+45:0"]

1. e4 {[%emt 0:00:00]} c5 {[%emt 0:00:08]} 2. Be2 {[%emt 0:00:25]} d6 {
[%emt 0:00:00]} 3. f4 {[%emt 0:00:22]} Nc6 {[%emt 0:06:38]} 4. Nf3 {
[%emt 0:00:17]} g6 {[%emt 0:00:54]} 5. O-O {[%emt 0:01:10]} Bg7 {[%emt 0:01:20]
} 6. c3 {[%emt 0:00:00]} e6 {[%emt 0:06:34]} 7. Qe1 {[%emt 0:03:37]} Nge7 {
[%emt 0:04:26]} 8. d3 {[%emt 0:04:54]} b5 {[%emt 0:03:58]} 9. Be3 {
[%emt 0:24:45]} b4 {[%emt 0:00:00]} 10. d4 {[%emt 0:01:49]} bxc3 {
[%emt 0:05:57]} 11. bxc3 {[%emt 0:00:09]} cxd4 {[%emt 0:04:39]} 12. cxd4 {
[%emt 0:01:19]} Qb6 {[%emt 0:04:20]} 13. Qd2 {[%emt 0:01:54]} Ba6 {
[%emt 0:08:57]} 14. d5 {[%emt 1:20:12]} Qb4 {[%emt 0:00:00]} 15. Bxa6 {
[%emt 0:00:00]} Bxa1 {[%emt 0:00:00]} 16. dxc6 {[%emt 0:00:00]} Nxc6 {
[%emt 0:00:00]} 17. Qc2 {[%emt 0:00:00]} Nd4 {[%emt 0:00:00]} 18. Nxd4 {
[%emt 0:00:00]} Bxd4 {[%emt 0:00:00]} 19. Qc6+ {[%emt 0:00:00]} Ke7 {
[%emt 0:00:00]} 20. Qc7+ {[%emt 0:00:00]} Kf6 {[%emt 0:00:00]} 21. Bxd4+ {
[%emt 0:00:00]} Qxd4+ {[%emt 0:00:00]} 22. Kh1 {[%emt 0:00:00]} Rhf8 {
[%emt 0:00:00]} 23. Nc3 {[%emt 0:00:00]} Rab8 {[%emt 0:00:00]} 24. Rd1 {
[%emt 0:00:00]} Qc5 {[%emt 0:00:00]} 25. e5+ {[%emt 0:00:00]} Kg7 {
[%emt 0:02:28]} 26. exd6 {[%emt 0:00:00]} Qf2 {[%emt 0:01:13]} 27. d7 {
[%emt 0:00:00]} Rb2 {[%emt 0:03:02]} 28. Bf1 {[%emt 0:00:00]} Rd2 {
[%emt 0:00:34]} 29. Rb1 {[%emt 0:00:28]} Qd4 {[%emt 0:06:52]} 30. Bb5 {
[%emt 0:03:34]} Rc2 {[%emt 0:05:27]} 31. Ne2 {[%emt 0:02:27]} Qe4 {
[%emt 0:06:08]} 32. Qe5+ {[%emt 0:07:04]} Qxe5 {[%emt 0:01:05]} 33. fxe5 {
[%emt 0:00:00]} Rd2 {[%emt 0:00:47]} 34. Nc3 {[%emt 0:05:28]} Rc2 {
[%emt 0:05:26]} 35. Ne4 {[%emt 0:02:43]} a6 {[%emt 0:03:20]} 36. Bxa6 {
[%emt 0:01:27]} Rxa2 {[%emt 0:00:00]} 37. Bc8 {[%emt 0:15:54]} Re2 {
[%emt 0:00:00]} 38. Nd6 Kg8 {[%emt 0:00:00]} 39. Rd1 {[%emt 0:00:00]} Rc2 {
[%emt 0:00:00]} 40. Ne8 {[%emt 0:00:00]} 1-0

[Event "Nova Scotia Closed "]
[Site "Halifax CAN"]
[Date "2019.07.06"]
[Round "3.3"]
[White "Mayo, Alvah"]
[Black "Charlton, Glenn"]
[Result "1-0"]
[WhiteElo "2163"]
[BlackElo "2052"]
[PlyCount "51"]
[EventDate "2019.07.05"]
[EventType "tourn"]
[EventRounds "5"]
[EventCountry "CAN"]
[TimeControl "30/90+45:0"]

1. e4 {[%emt 0:02:28]} c5 {[%emt 0:00:12]} 2. Nc3 {[%emt 0:01:13]} g6 {
[%emt 0:00:00]} 3. f4 {[%emt 0:00:32]} Bg7 {[%emt 0:00:11]} 4. Nf3 {
[%emt 0:00:06]} Nc6 {[%emt 0:00:22]} 5. Bb5 {[%emt 0:00:43]} Nd4 {
[%emt 0:00:00]} 6. Bd3 {[%emt 0:00:00]} d6 {[%emt 0:00:35]} 7. Nxd4 {
[%emt 0:00:11]} cxd4 {[%emt 0:00:10]} 8. Ne2 {[%emt 0:00:05]} Nf6 {
[%emt 0:01:09]} 9. c3 {[%emt 0:00:35]} dxc3 {[%emt 0:00:00]} 10. dxc3 {
[%emt 0:00:38]} O-O {[%emt 0:05:10]} 11. O-O {[%emt 0:02:27]} b6 {
[%emt 0:08:28]} 12. Ng3 {[%emt 0:06:36]} Bb7 {[%emt 0:00:50]} 13. Qe2 {
[%emt 0:00:58]} Nd7 {[%emt 0:08:20]} 14. Rd1 {[%emt 0:18:47]} Qc7 {
[%emt 0:00:00]} 15. Be3 {[%emt 0:00:00]} Nc5 {[%emt 0:00:00]} 16. Bc2 {
[%emt 0:00:00]} Rad8 {[%emt 0:00:00]} 17. Rac1 {[%emt 0:01:58]} e5 {
[%emt 0:01:46]} 18. f5 {[%emt 0:01:32]} d5 {[%emt 0:02:53]} 19. Qf2 {
[%emt 0:15:30]} Nxe4 {[%emt 1:25:00]} 20. Nxe4 {[%emt 0:00:00]} dxe4 {
[%emt 0:00:00]} 21. f6 {[%emt 0:00:00]} Bh8 {[%emt 0:00:00]} 22. g4 {
[%emt 0:00:00]} g5 {[%emt 0:00:00]} 23. Bxg5 {[%emt 0:00:00]} e3 {
[%emt 0:00:00]} 24. Qf5 {[%emt 0:00:00]} e4 {[%emt 0:02:50]} 25. Bxe3 {
[%emt 0:00:00]} Rfe8 {[%emt 0:01:32]} 26. Bh6 {[%emt 0:06:38]} 1-0